000 00236nam a22001097a 4500
041 _aeng
080 _a80
100 _aClose, R. A.
245 _aA Reference Grammar for Students of English
650 _aEnglish Grammar
999 _c279863
_d279863
942 _cBK